000 00949cam a22003011 4500
001 1940
003 BD-RjUL
005 20211208233440.0
008 131210s1938 nyu b 001 0 eng
035 _a(BD-RjUL)1967
035 _a(OCoLC)339606
040 _aDLC
_cOClU
_dOCoLC
_dFTaSU
_dDLC
_dBD-RjUL
_beng
041 _aeng
082 _216
_a330.973
_bDIE 1938
100 1 _aDixon, Russell Ayers
_d1900-
_96411
245 1 0 _aEconomics and cultural change /
_c[by] Russell A. Dixon and E. Kingman Eberhart.
250 _a1st ed.
260 _aNew York and London :
_bMcGraw-Hill,
_cc1938.
300 _axi, 550 p. :
_billus. (incl. maps) diagr.
_c24 cm.
504 _aBibliography at end of each chapter.
650 0 _aEconomic history.
_96412
650 0 _aCulture.
_96413
650 0 _aCivilization
_xHistory.
_96414
700 1 _aEberhart, Ennis Kingman,
_ejt. auth.
_96415
942 _2ddc
_cBK
999 _c1940
_d1940